000 00437nam a2200169Ia 4500
005 20250508151846.0
008 008 250505s9999 xx 000 0 eng d
037 _aTextual
040 _aFEDL
_beng
_cFEDL
041 _aeng
_2eng
084 _a370.15, PEE
_qFEDL
100 _aPeel E A
245 0 _aPsychological basis of education
300 _avi,303p.
942 _cTEXL
_h370.15, PEE
999 _c1332546
_d1332546